000 01082nam a2200265 a 4500
001 12874
003 BD-JhCC
005 20230521201444.0
008 230521s2019 b a|||| |||| 001 0 mul d
020 _a9789849308768
035 _a(BD-JhCC)12874
040 _aBD-JhCC
_dBD-JhCC
041 _aBengla and Arabic
082 _a297.63
_bSIR 2019
245 _aসীরাত বিশ্বকোষ /
_cমুহসিন ফারানি ...[et. al]. এবং আবদুল্লাহ আল ফারুক (অনু.)
260 _aঢাকা :
_bমাকতাবাতুল আযহার,
_c২০১৯
300 _aখন্ড ১-১১
_bচিত্রবলী সংযোজিত;
_c২১ সেমি.
504 _aগ্রন্থপঞ্জি ও নির্ঘন্ট সংযোজিত।
600 _aMuhammad (sm.)
_tThe Profeth
650 _aBiography
650 _aThe Messenger
700 _aফারানি, মুহসিন
700 _a আল ফারুক, আবদুল্লাহ
942 _2ddc
_cBK
999 _c12874
_d12874